Welcome to WEB OPAC of MRSPTU Central Library

Production and operations management (Record no. 5552)

MARC details
000 -LEADER
fixed length control field 00469nam a2200181Ia 4500
008 - FIXED-LENGTH DATA ELEMENTS--GENERAL INFORMATION
fixed length control field 230711s9999||||xx |||||||||||||| ||und||
020 ## - INTERNATIONAL STANDARD BOOK NUMBER
International Standard Book Number 978-93-272-1896-1
041 ## - LANGUAGE CODE
Language code of text/sound track or separate title ENG
082 ## - DEWEY DECIMAL CLASSIFICATION NUMBER
Classification number 658
Item number SH-P
100 ## - MAIN ENTRY--PERSONAL NAME
Personal name Sharma,Gagan Deep
245 #0 - TITLE STATEMENT
Title Production and operations management
250 ## - EDITION STATEMENT
Edition statement 6th Ed.
260 ## - PUBLICATION, DISTRIBUTION, ETC.
Date of publication, distribution, etc. 2012
Place of publication, distribution, etc. New Delhi
Name of publisher, distributor, etc. Kalyani Publishers House
300 ## - PHYSICAL DESCRIPTION
Extent 487
650 ## - SUBJECT ADDED ENTRY--TOPICAL TERM
Topical term or geographic name entry element UNIVESITY BUSNIESS SCHOOL
700 ## - ADDED ENTRY--PERSONAL NAME
Personal name Singh,Gurshanjit
942 ## - ADDED ENTRY ELEMENTS (KOHA)
Koha item type Book
Holdings
Withdrawn status Lost status Damaged status Not for loan Collection Home library Current library Date acquired Total checkouts Full call number Barcode Date last seen Price effective from Koha item type Date last checked out
          MRSPTU Central Library MRSPTU Central Library     658 SH-P 24780 08/17/2023 08/17/2023 Book  
          MRSPTU Central Library MRSPTU Central Library     658 SH-P 24781 08/17/2023 08/17/2023 Book  
          MRSPTU Central Library MRSPTU Central Library     658 SH-P 24782 08/17/2023 08/17/2023 Book  
          MRSPTU Central Library MRSPTU Central Library     658 SH-P 24783 08/17/2023 08/17/2023 Book  
          MRSPTU Central Library MRSPTU Central Library     658 SH-P 24784 08/17/2023 08/17/2023 Book  
          MRSPTU Central Library MRSPTU Central Library   1 658 SH-P 24785 11/19/2025 08/17/2023 Book 11/06/2025
          MRSPTU Central Library MRSPTU Central Library     658 SH-P 24786 08/17/2023 08/17/2023 Book  
          MRSPTU Central Library MRSPTU Central Library     658 SH-P 24787 08/17/2023 08/17/2023 Book  
          MRSPTU Central Library MRSPTU Central Library     658 SH-P 24788 08/17/2023 08/17/2023 Book  
          MRSPTU Central Library MRSPTU Central Library     658 SH-P 24789 08/17/2023 08/17/2023 Book  
          MRSPTU Central Library MRSPTU Central Library     658 SH-P 24790 08/17/2023 08/17/2023 Book  
          MRSPTU Central Library MRSPTU Central Library   3 658 SH-P 24791 01/15/2026 08/17/2023 Book 11/17/2025
          MRSPTU Central Library MRSPTU Central Library     658 SH-P 24792 08/17/2023 08/17/2023 Book  
          MRSPTU Central Library MRSPTU Central Library   1 658 SH-P 24793 09/15/2025 08/17/2023 Book 08/19/2025
          MRSPTU Central Library MRSPTU Central Library     658 SH-P 24794 08/17/2023 08/17/2023 Book  
          MRSPTU Central Library MRSPTU Central Library   1 658 SH-P 24795 12/16/2025 08/17/2023 Book 11/17/2025
          MRSPTU Central Library MRSPTU Central Library     658 SH-P 24796 08/17/2023 08/17/2023 Book  
          MRSPTU Central Library MRSPTU Central Library     658 SH-P 24797 08/17/2023 08/17/2023 Book  
          MRSPTU Central Library MRSPTU Central Library     658 SH-P 24798 08/17/2023 08/17/2023 Book  
          MRSPTU Central Library MRSPTU Central Library     658 SH-P 24799 08/17/2023 08/17/2023 Book  

Website Designed and Developed by MRSPTU Central Library Team

E-mail Id: librarian@mrsptu.ac.in